Online
Catalog
Normal view MARC view

Entry Nombre corporativo

Number of records used in: 6

001 - NÚMERO DE CONTROL

  • campo de control: 87444

003 - IDENTIFICADOR DEL NÚMERO DE CONTROL

  • campo de control: BNPHU

005 - FECHA Y HORA DE LA ÚLTIMA TRANSACCIÓN

  • campo de control: 20250414130118.0

008 - DATOS DE LONGITUD FIJA

  • campo de control de longitud fija: 250414|| aca||aabn | a|a d

040 ## - FUENTE DE LA CATALOGACIÓN

  • Centro catalogador/agencia de origen: DO-SdBNP
  • Centro/agencia transcriptor: DO-SdBNP

110 2# - ENCABEZAMIENTO-NOMBRE DE ENTIDAD CORPORATIVA

  • Nombre de entidad corporativa o nombre de jurisdicción como elemento de entrada: Catedral de Santo Domingo (República Dominicana)

370 ## - LUGAR ASOCIADO

  • Lugar de residencia/sede: Santo Domingo, República Dominicana

410 1# - TRAZADO DE VÉASE--NOMBRE DE ENTIDAD CORPORATIVA

  • Nombre de entidad corporativa o nombre de jurisdicción como elemento de entrada: Santo Domingo
  • Unidad subordinada: Catedral
  • Subcampo de control: nna

410 2# - TRAZADO DE VÉASE--NOMBRE DE ENTIDAD CORPORATIVA

  • Nombre de entidad corporativa o nombre de jurisdicción como elemento de entrada: Iglesia Catedral de Santo Domingo

670 ## - FUENTE DE DATOS ENCONTRADOS

  • Cita de la fuente: Work cat.: (DO-SdBNP)56558: La arquitectura vernácula en la Catedral Metropolitana de Santo Domingo/

670 ## - FUENTE DE DATOS ENCONTRADOS

  • Cita de la fuente: Seminario sobre los Restos de Cristóbal Colón (1985 : Academia de Ciencias de la República Dominicana). Seminario sobre los Restos de Cristóbal Colón, 1985:
  • Información encontrada: p. 92 (la Catedral de Santo Domingo)

670 ## - FUENTE DE DATOS ENCONTRADOS

  • Identificador Uniforme del Recurso: https://authorities.loc.gov/cgi-bin/Pwebrecon.cgi?AuthRecID=2081889&v1=1&HC=2&SEQ=20250414125934&PID=oLKNL3VdeKaq1GkB_HzSVo8tpCBA Consultado en 14 de Abril, 2025

Powered by Koha